000 00615nam a2200205 i 4500
001 75870
003 ES-MaACL
005 20240124173327.0
007 t|
008 040928s1979 sp ||||1| spa d
020 _a84-376-0206-8
100 1 _aGrimau, Carmen.
_960051
245 1 3 _aEl cartel republicano en la Guerra Civil /
_cCarmen Grimau.
260 _aMadrid :
_bCátedra,
_c1979.
300 _a234 p., 8 lám. :
_bil. ;
_c18 cm.
490 1 _aCuadernos arte Cátedra ;
_v9
830 0 _aCuadernos arte Cátedra
_v9
_9181519
852 _aES-MaACL
_jL-10728
_bR.111385
999 _c75870
_d75870